000 00832cam a22002773a 4500
001 4687
003 PGUSA
005 20140828083103.0
008 031101s2003||||xxu|||||s|||||000 1 eng d
040 _aPGUSA
_beng
042 _adc
050 4 _aPS
100 1 _aNorris, Kathleen Thompson,
_d1880-1966
245 1 0 _aSaturday's Child
_h[electronic resource] /
_cKathleen Thompson Norris
260 _bProject Gutenberg,
_c2003
506 _aPublic domain in the USA.
516 _aElectronic text
653 _aMan-woman relationships -- Fiction
653 _aSan Francisco (Calif.) -- Fiction
653 _aWomen employees -- Fiction
653 _aBookkeepers -- Fiction
653 _aFemale friendship -- Fiction
830 0 _aProject Gutenberg
_v4687
856 4 0 _uhttp://www.gutenberg.org/ebooks/4687
942 _cEB
999 _c234016
_d234016